000 00392nam a22000977a 4500
100 _aसिंह,डॉ. राधिका
_979939
245 _aमहादेवी का गद्य साहित्‍य वस्‍तु और शिल्‍प
260 _aदिल्‍ली
_bराजेश प्रकाशन
_c2018
650 _aरचनावली
_9163
942 _cHIN
999 _c63479
_d63479